Trescientos casos de divorcio civil resueltos por el Tribunal Supremo (Record no. 57226)

MARC details
000 -LEADER
campo de control de longitud fija 00610nam a2200181 i 4500
001 - NÚMERO DE CONTROL
campo de control 57226
003 - IDENTIFICADOR DE NÚMERO DE CONTROL
campo de control ES-MaACL
007 - CAMPO FIJO DE DESCRIPCIÓN FÍSICA--INFORMACIÓN GENERAL
campo de control de longitud fija t|
008 - DATOS DE LONGITUD FIJA--INFORMACIÓN GENERAL
campo de control de longitud fija 031015s1936 sp ||||1| spa d
100 1# - ENTRADA PRINCIPAL--NOMBRE DE PERSONA
Nombre de persona Casals Torres, Manuel.
9 (RLIN) 36080
245 10 - MENCIÓN DEL TÍTULO
Título Trescientos casos de divorcio civil resueltos por el Tribunal Supremo
Resto del título : legislación, formularios y jurisprudencia /
Mención de responsabilidad, etc. Manuel Casals Torres.
260 ## - PUBLICACIÓN, DISTRIBUCIÓN, ETC.
Lugar de publicación, distribución, etc. Barcelona :
Nombre del editor, distribuidor, etc. Bosch,
Fecha de publicación, distribución, etc. 1936 (
Fabricante Clarasó)
300 ## - DESCRIPCIÓN FÍSICA
Extensión 259 p. ;
Dimensiones 22 cm.
500 ## - NOTA GENERAL
Nota general Apéndice 1 a la obra "Divorcio civil"
852 ## - LOCALIZACIÓN
Ubicación ES-MaACL
Número de control de estantería P-759-bis
852 ## - LOCALIZACIÓN
Ubicación ES-MaACL
Número de control de estantería C-7045
Holdings
Estatus retirado Estado de pérdida Estado de daño No para préstamo Biblioteca de origen Biblioteca actual Ubicación en estantería Fecha de adquisición Fuente de adquisición Total de préstamos Signatura topográfica completa Código de barras Visto por última vez Precio de reemplazo Tipo de ítem Koha Fuente del sistema de clasificación o colocación Restricciones de uso
        Biblioteca del Ateneo de Madrid Biblioteca del Ateneo de Madrid Depósito 2 17/01/2008     P-759-bis 1060084 23/02/2023 23/02/2023 Libro impreso    
        Biblioteca del Ateneo de Madrid Biblioteca del Ateneo de Madrid Sala Palomar 17/01/2008     C-7045 1153066 23/02/2023 23/02/2023 Libro impreso Clasificación decimal universal Duplicado